<?xml version="1.0" encoding="UTF-8"?>
<record
    xmlns:xsi="http://www.w3.org/2001/XMLSchema-instance"
    xsi:schemaLocation="http://www.loc.gov/MARC21/slim http://www.loc.gov/standards/marcxml/schema/MARC21slim.xsd"
    xmlns="http://www.loc.gov/MARC21/slim">

  <leader>01439nam a22002657a 4500</leader>
  <controlfield tag="003">BI-BuBU</controlfield>
  <controlfield tag="008">130411s2013    bd ||||dr|||| 000 0 fre d</controlfield>
  <datafield tag="037" ind1=" " ind2=" ">
    <subfield code="b">Don de l'auteur</subfield>
  </datafield>
  <datafield tag="039" ind1=" " ind2=" ">
    <subfield code="a">20130411093035.0</subfield>
    <subfield code="b">Aline NIYUBAHWE</subfield>
    <subfield code="c">20130610145432.0</subfield>
    <subfield code="d">B&#xE9;atrice Barankeba</subfield>
  </datafield>
  <datafield tag="040" ind1=" " ind2=" ">
    <subfield code="a">BI-BuBU</subfield>
    <subfield code="b">fre</subfield>
    <subfield code="c">BI-BuBU</subfield>
    <subfield code="d">BI-BuBU</subfield>
  </datafield>
  <datafield tag="080" ind1=" " ind2=" ">
    <subfield code="a">665.353.</subfield>
  </datafield>
  <datafield tag="100" ind1="1" ind2=" ">
    <subfield code="4">aut</subfield>
    <subfield code="a">Bizindavyi, Lucien</subfield>
    <subfield code="9">72969</subfield>
  </datafield>
  <datafield tag="245" ind1="1" ind2="0">
    <subfield code="a">Enjeux et contraintes environnementaux de la fili&#xE8;re huile de palme en commune Rumonge</subfield>
    <subfield code="c">par Lucien Bizindavyi ; Charles Niyonkuru, directeur</subfield>
  </datafield>
  <datafield tag="260" ind1=" " ind2=" ">
    <subfield code="a">Bujumbura</subfield>
    <subfield code="b">Universit&#xE9; du Burundi, Institut de P&#xE9;dagogie Appliqu&#xE9;e, D&#xE9;partement de Biologie</subfield>
    <subfield code="c">2013</subfield>
  </datafield>
  <datafield tag="300" ind1=" " ind2=" ">
    <subfield code="a">VIII-39 f.</subfield>
    <subfield code="c">30 cm.</subfield>
  </datafield>
  <datafield tag="500" ind1=" " ind2=" ">
    <subfield code="a">M&#xE9;moire pr&#xE9;sent&#xE9; et d&#xE9;fendu publiquement en vue de l'obtention du grade de Licenci&#xE9; en P&#xE9;dagogie Appliqu&#xE9;e, Agr&#xE9;g&#xE9; de l'Enseignement Secondaire en Biologie.</subfield>
  </datafield>
  <datafield tag="650" ind1=" " ind2="7">
    <subfield code="2">BI-BuBU</subfield>
    <subfield code="a">Huile de palme</subfield>
    <subfield code="9">69231</subfield>
    <subfield code="x">Enjeu environnmental</subfield>
    <subfield code="z">Rumonge (Commune)</subfield>
  </datafield>
  <datafield tag="650" ind1=" " ind2="7">
    <subfield code="2">BI-BuBU</subfield>
    <subfield code="a">Huile de palme</subfield>
    <subfield code="9">69232</subfield>
    <subfield code="x">Contrainte environnmentale</subfield>
    <subfield code="z">Rumonge (Commune)</subfield>
  </datafield>
  <datafield tag="655" ind1=" " ind2="7">
    <subfield code="2">BI-BuBU</subfield>
    <subfield code="a">M&#xE9;moire</subfield>
    <subfield code="9">72970</subfield>
  </datafield>
  <datafield tag="700" ind1="1" ind2=" ">
    <subfield code="4">drt</subfield>
    <subfield code="a">Lucien, Bizindavyi</subfield>
    <subfield code="9">69233</subfield>
  </datafield>
  <datafield tag="710" ind1=" " ind2=" ">
    <subfield code="a">Universit&#xE9; du Burundi</subfield>
    <subfield code="b">Institut de P&#xE9;dagogie Appliqu&#xE9;e, D&#xE9;partement de Biologie</subfield>
    <subfield code="9">72971</subfield>
  </datafield>
  <datafield tag="942" ind1=" " ind2=" ">
    <subfield code="2">udc</subfield>
    <subfield code="c">MEM</subfield>
  </datafield>
  <datafield tag="999" ind1=" " ind2=" ">
    <subfield code="c">19268</subfield>
    <subfield code="d">19268</subfield>
  </datafield>
  <datafield tag="952" ind1=" " ind2=" ">
    <subfield code="0">0</subfield>
    <subfield code="1">0</subfield>
    <subfield code="2">udc</subfield>
    <subfield code="4">0</subfield>
    <subfield code="7">1</subfield>
    <subfield code="9">30791</subfield>
    <subfield code="a">BC</subfield>
    <subfield code="b">BC</subfield>
    <subfield code="d">2013-04-11</subfield>
    <subfield code="e">Don de l'auteur</subfield>
    <subfield code="l">0</subfield>
    <subfield code="o">665.353.BIZ.</subfield>
    <subfield code="p">5010000312756</subfield>
    <subfield code="r">2013-04-11</subfield>
    <subfield code="t">1</subfield>
    <subfield code="w">2013-04-11</subfield>
    <subfield code="y">MEM</subfield>
  </datafield>
</record>
